Čitateľ dneška

Bibliographic Details
Main Author: Rak, Vít, 1931-1988 (Author)
Format: Article
Language:Slovak
Subjects:

MARC

LEADER 00000nab a2200000 a 4500
001 vtls000009796
003 SK-MaSNL
005 20260304051202.0
008 250422c1978 xo 0 slo
015 |a SNBRB19rr/mm-uuuuu 
035 |a CL0019890 
035 |a urn:nbn:sk:snk-abb6zq 
035 |a (urnnbn)urn:nbn:sk:snk:ar-000kki 
035 |a (uuid)0c475db3-3c85-4235-bb2c-61bfbb87166e 
040 |a SNKBUCL  |b slo  |c SNKBUCL  |e AACR2 
041 0 |a slo 
044 |a xo  |c SK 
080 |a 025.5  |2 1981 
100 1 |a Rak, Vít,  |d 1931-1988  |4 aut  |9 80458 
245 1 0 |a Čitateľ dneška  |c Vít Rak 
650 0 7 |a práca s čitateľom  |2 snkbucl  |9 15565 
655 7 |a články z novín a časopisov  |2 snkbucl  |9 267496 
773 0 |t Čitateľ  |g Roč. 27, č. 9 (1978), s. 305-306 
850 |a Slovenská národná knižnica 
852 |a Slovenská národná knižnica 
954 |a odborná, vedecká literatúra pôvodná (slovenská)  |2 lita 
958 |a article15 
958 |a OND 
958 |a RK 
958 |a KL 
958 |a EUIPO 
992 |a RBX 
999 |c 2702299  |d 2704229